• 首页
  • 本馆介绍
  • 公告通知
  • 最新文献
  • 馆藏检索
  • 电子资源
  • 读者导购
  • 参考咨询
  • 我的图书馆
  • 登录
  • 详细信息显示
  • 放入我的书架
  • 预约/预借图书
  • 作者相关作品
  • 分类相关作品
  • 丛书相关作品
  • 出版社相关作品

书目信息

  • 表格格式
  • 工作单格式
  • 卡片格式
题名:
蜜蜂的饲养
    
 
作者: ;北京市农业科学研究所 编
分册:  
出版信息: 北京   农业出版社  1972.09
页数: 94页
开本: 19cm
丛书名:
单 册:
中图分类: S894
科图分类:
主题词: 养蜂 , 益虫--饲养
电子资源:
ISBN:
000 00661nam0 2200217 450
001 0857917264
005 20080922160701.64
010    @dCNY0.24
091    @a16144.2896
100    @a20080922d1972 km y0chiy0120 ea
101 0  @achi
102    @aCN@b110000
200 1  @a蜜蜂的饲养@Ami feng de si yang@f北京市农业科学研究所编@Fbei jing shi nong ye ke xue yan jiu suo bian
210    @a北京@c农业出版社@d1972.09
215    @a94页@d19cm
606 0  @a养蜂
606 0  @a益虫@x饲养
690    @aS894@v4
711 02 @a北京市农业科学研究所@Abei jing shi nong ye ke xue yan jiu suo@4编
801  0 @aCN@b大连网信软件有限公司图书馆·11@c20080922
905    @aBZT@dS894@e19
    
    蜜蜂的饲养/北京市农业科学研究所编.-北京:农业出版社,1972.09
    94页;19cm
    
    
    ISBN :CNY0.24
    
●
相关链接 在五车中查询图书 在当当中查询图书 在豆瓣中查询图书


正题名:蜜蜂的饲养     索取号:S894/19         预约/预借

序号 登录号 条形码 馆藏地/架位号 状态 备注
1 028453   201270418   中心书库中库/ 中库031架A面6列5层5/ [索取号:S894/19] 在馆    
山东省滨州职业学院图书馆 欢迎您!
大连网信软件有限公司© 版权所有